Kridaspardha Ani Samane Purvathyari (Record no. 17669)

MARC details
000 -LEADER
fixed length control field 00414nam a2200157Ia 4500
008 - FIXED-LENGTH DATA ELEMENTS--GENERAL INFORMATION
fixed length control field 220803s9999 xx 000 0 und d
041 ## - LANGUAGE CODE
Language code of text/sound track or separate title eng
082 ## - DEWEY DECIMAL CLASSIFICATION NUMBER
Classification number 711.5 GOD
100 ## - MAIN ENTRY--PERSONAL NAME
Personal name Godbole B S
9 (RLIN) 27689
245 ## - TITLE STATEMENT
Title Kridaspardha Ani Samane Purvathyari
250 ## - EDITION STATEMENT
Edition statement 2nd
260 ## - PUBLICATION, DISTRIBUTION, ETC. (IMPRINT)
Place of publication, distribution, etc. Pune
Name of publisher, distributor, etc. Suvichar Prakashan Mandal
Date of publication, distribution, etc. 1994
300 ## - PHYSICAL DESCRIPTION
Extent 226p
650 ## - SUBJECT ADDED ENTRY--TOPICAL TERM
Topical term or geographic name as entry element Urban Architecture
9 (RLIN) 27690
700 ## - ADDED ENTRY--PERSONAL NAME
Personal name Godbole B S
9 (RLIN) 27689
Holdings
Withdrawn status Lost status Damaged status Not for loan Home library Current library Shelving location Date acquired Total Checkouts Full call number Barcode Date last seen Bill Date Koha item type Original Barcode
        Dr. Bhanuben Nanavati College of Architecture Dr. Bhanuben Nanavati College of Architecture   10/06/2007   711.5 GOD BNCA-DB-86 03/08/2022 03/08/2022 Donated Book DB000086
        Dr. Bhanuben Nanavati College of Architecture Dr. Bhanuben Nanavati College of Architecture   01/01/1900   711.5 GOD BNCA-DB-87 03/08/2022 03/08/2022 Donated Book DB000087